000 00554nam a2200193Ia 4500
005 20250630155327.0
008 008 250516s9999 xx 000 0 eng d
020 _a9789354798399
040 _beng
_cSDCL
041 _aeng
_2eng
084 _asigma:f R5
245 0 _aMethodologies for practice research :
_bApproaches for professional doctorates
260 _aNew Delhi :
_bSage,
_c2025.
300 _axxvi, 253p.
650 _aBiophysics
700 _aCostley, Carol Ed.
_9814931
700 _aFulton, John Ed.
_9814932
942 _cTEXL
_2CC
999 _c1430375
_d1430375